00402nam a2200145Ia 4500003000900000008004100009040001600050080001800066100002500084245005300109260003700162300001600199650001900215650002200234IN-BaIIA211028s9999 xx 000 0 eng d cIIA Library a523.45bWIL-2 aWilliams, Stanley A. 0aZenographical fragmentsbIIcStanley A. Williams aLondonbTaylor and Francisc1909 axiii, 104p. aPlanet Jupiter aPlanetary systems